| 000 | 01108cam a2200493 4500 | ||
|---|---|---|---|
| 001 | J84362 | ||
| 008 | 090401t1997 xxu||||| |||| 00| 0 eng d | ||
| 035 | _a(Sirsi) u78754 | ||
| 041 | _aeng | ||
| 050 | _a333.337 | ||
| 110 |
_aChesterton _92357 |
||
| 245 | _aCity centre office markets : the regional picture. - 1996 | ||
| 260 |
_aLondon _bChesterton _c1997 |
||
| 300 | _a7p. ; 30cm. | ||
| 350 | _a55 | ||
| 650 | _aABERDEEN | ||
| 650 | _aBIRMINGHAM | ||
| 650 | _aBRISTOL | ||
| 650 | _aCARDIFF | ||
| 650 | _aCROYDON | ||
| 650 | _aEDINBURGH | ||
| 650 | _aEXETER | ||
| 650 | _aFLOORSPACE | ||
| 650 | _aGLASGOW | ||
| 650 | _aLEEDS | ||
| 650 | _aLONDON | ||
| 650 | _aMANCHESTER | ||
| 650 | _aMILTON KEYNES | ||
| 650 | _aNEWCASTLE | ||
| 650 | _aNORWICH | ||
| 650 | _aNOTTINGHAM | ||
| 650 | _aOFFICES | ||
| 650 | _aOXFORD | ||
| 650 | _aPLYMOUTH | ||
| 650 | _aREADING | ||
| 650 | _aRENT | ||
| 650 | _aSHEFFIELD | ||
| 650 | _aSOUTHAMPTON | ||
| 650 | _aSWINDON | ||
| 650 | _aYIELDS | ||
| 690 | _aPROPERTY-COMMERCIAL PROPERTY | ||
| 942 | _n0 | ||
| 948 | _c05/06/1997 | ||
| 999 |
_c96477 _d96477 |
||